| 000 | 00589nam a2200205Ia 4500 | ||
|---|---|---|---|
| 005 | 20250216225516.0 | ||
| 008 | 210303s9999 xx 000 0 und d | ||
| 016 | _2reto2022b | ||
| 020 | _a0394716701 | ||
| 040 |
_aNLN _bEnglish _eAACR2 |
||
| 050 |
_aPT2603.R397 _bB858 |
||
| 082 | _a832.912 | ||
| 100 |
_aBRECHT, Bertolt _d1898-1956 _eaut _960666 |
||
| 245 | 0 |
_aCollected plays / _cBertolt Brecht |
|
| 260 |
_aNew York : _bVintage Books, _c1974 |
||
| 300 |
_av, ; _b19cm. |
||
| 563 | _a(pbk) | ||
| 650 |
_aBrecht, Bertolt, 1898-1956 _vTranslations into English. _960667 |
||
| 942 | _cBK | ||
| 999 |
_c23107 _d23107 |
||